1027 1843 1847 1974 1439 1397 1078 1981 1021 1067 1244 1786 1353 1669 1921 1722 1795 1150 1059 1979 1204 1214 1014 1010 1449 1552 1751 1125 1078 1014 1371 1948 1300 1807 1221 1859 1161 1707 1268 1211 1796 1411 1099 1651 1332 1177 1401 1870 1223 1061 1462 1870 1994 1799 1295 1980 1773 1638 1929 1050 1954 1964 1353 1056 1509 1021 1038 1594 1468 1295 1402 1854 1666 1046 1781 1855 1325 1089 1651 1255 1264 1131 1167 1336 1118 1398 1906 1696 1744 1166 1840 1258 1839 1843 1494 1650 1373 1062 1507 BCNSPRNW ULIB Ver.6.0+V

เปลี่ยนเป็นภาษาไทย

Change to English
 แสดงรายละเอียดบรรณานุกรม
  กลับหน้าหลัก

Brief Record : Get Marc (ISO 2709) : E-mail record : QR code < ปิดหน้าต่าง
LEADER : 00000nam 2200000uu 4500
001    13399122500
003     ULIB
008    111207s2550||||th 000 0 tha d
020    ^a9789748041575
090    ^aนว.^bL271ส
100 0  ^aLucky
245 00 ^aสงครามแห่งรัก/^cLucky
250    ^aพิมพ์ครั้งที่ 1
260    ^aกรุงเทพฯ :^bSugar Beat,^c2550
300    ^a381 หน้า
710 1  ^aSugar Beat
945    ^p240^l0^i19959
995    ^aทศพร
999 ^a ทศพร
รายการนี้ยังไม่มีแท็ก
คุณยังไม่ได้ล็อกอิน คุณสามารถมีกิจกรรมร่วมกับเว็บไซต์ได้ แต่ต้องล็อกอินก่อน ::
  ล็อกอิน

รายการสื่อสารสนเทศ

ลำดับที่ ประเภท เลขเรียก/บาร์โค้ด สถานที่ สถานะ
1. นวนิยาย
นวนิยาย
นว. L271ส ฉ.1 
  Barcode: 19959
ห้องสมุดวิทยาเขตสวรรค์ประชารักษ์
►นวนิยาย
บนชั้น
  ขอยืม

รายการใกล้เคียง
    ผู้แต่ง [Lucky]

BibComment


ยังไม่เคยถูกคอมเมนท์

คอมเมนท์ทรัพยากรรายการนี้
  คอมเมนท์: สงครามแห่งรัก Lu..


 Copyright 2026. Bcnsprnw @Library